The Book we teach (Record no. 7025)
[ view plain ]
| 000 -LEADER | |
|---|---|
| fixed length control field | 00580nam a2200205I 4500 |
| 001 - CONTROL NUMBER | |
| control field | 1826735 |
| 003 - CONTROL NUMBER IDENTIFIER | |
| control field | OSt |
| 005 - DATE AND TIME OF LATEST TRANSACTION | |
| control field | 20190122151911.0 |
| 008 - FIXED-LENGTH DATA ELEMENTS--GENERAL INFORMATION | |
| fixed length control field | 751112s1934 tnu 000 0 eng |
| 010 ## - LIBRARY OF CONGRESS CONTROL NUMBER | |
| LC control number | 34037028 |
| 040 ## - CATALOGING SOURCE | |
| Original cataloging agency | DLC |
| Transcribing agency | JPL |
| Modifying agency | CDC |
| 082 ## - DEWEY DECIMAL CLASSIFICATION NUMBER | |
| Classification number | 220 |
| Item number | W362B |
| 092 ## - LOCALLY ASSIGNED DEWEY CALL NUMBER (OCLC) | |
| Classification number | 268.6 |
| Item number | W36B |
| 100 1# - MAIN ENTRY--PERSONAL NAME | |
| Personal name | Weatherspoon, Jesse Burton, |
| Dates associated with a name | 1886- |
| 245 14 - TITLE STATEMENT | |
| Title | The Book we teach |
| Statement of responsibility, etc. | by J.B. Weatherspoon.. |
| 260 ## - PUBLICATION, DISTRIBUTION, ETC. | |
| Place of publication, distribution, etc. | Nashville,Tenn. |
| Name of publisher, distributor, etc. | The Sunday school board of the Southern Baptist convenion |
| Date of publication, distribution, etc. | [c1934] |
| 300 ## - PHYSICAL DESCRIPTION | |
| Extent | 133 pages |
| Dimensions | 19 cm |
| 630 00 - SUBJECT ADDED ENTRY--UNIFORM TITLE | |
| Uniform title | Bible |
| General subdivision | Textbooks |
| 942 ## - ADDED ENTRY ELEMENTS (KOHA) | |
| Source of classification or shelving scheme | Dewey Decimal Classification |
| Koha item type | Books |
| Withdrawn status | Lost status | Source of classification or shelving scheme | Damaged status | Not for loan | Collection code | Home library | Current library | Shelving location | Date acquired | Cost, normal purchase price | Total Checkouts | Full call number | Barcode | Date last seen | Price effective from | Koha item type |
|---|---|---|---|---|---|---|---|---|---|---|---|---|---|---|---|---|
| Dewey Decimal Classification | Non-fiction | Harvest Mission College | Harvest Mission College | General Stacks | 22.01.2019 | 850.00 | 220 W362B | 007839 | 22.01.2019 | 22.01.2019 | Books |
